Capital City Names similar to corresponding Country-US State - Statistics

General Stats
  • This quiz has been taken 299 times
  • The average score is 19 of 40
Answer Stats
Answer % Correct
Mexico
74%
Mexico City
74%
Vatican City
71%
Vatican City
71%
Monaco
70%
Monaco
70%
San Marino
69%
San Marino
69%
Guatemala
64%
Guatemala City
64%
Luxembourg
64%
Luxembourg
64%
Panama
60%
Panama City
60%
Singapore
59%
Singapore
59%
Brazil
55%
Brasília
53%
Djibouti
51%
Djibouti
51%
Kuwait
51%
Kuwait City
51%
Tunis
44%
Algeria
43%
Tunisia
42%
Algiers
40%
Oklahoma
39%
El Salvador
38%
Oklahoma City
36%
San Salvador
36%
Indiana
26%
Taipei
26%
Taiwan
26%
Indianapolis
25%
Nicaragua
23%
Managua
20%
Iran
13%
Niger
13%
Tehran
13%
Niamey
9%
No matching quizzes found
Score Distribution
Percent of People with Each Score
Percentile by Number Answered
Your Score History
You have not taken this quiz